[Event "FRA-chT2 1011"]
[Site "France"]
[Date "2010.11.13"]
[Round "2.3"]
[White "Kornman, Serge"]
[Black "Bouverot, Olivier"]
[Result "1-0"]
[WhiteElo "2126"]
[BlackElo "2139"]
[PlyCount "87"]
[EventDate "2010.10.17"]
[EventType "team-tourn"]
[EventRounds "11"]
[EventCountry "FRA"]
[SourceTitle "EXT 2012"]
[Source "ChessBase"]
[SourceDate "2011.11.24"]
[SourceVersion "1"]
[SourceVersionDate "2011.11.24"]
[SourceQuality "1"]

1. d4 f5 2. c4 Nf6 3. Nc3 g6 4. g3 Bg7 5. Bg2 d6 6. d5 a5 7. Nh3 Na6 8. 0-0 0-0 9. Nf4 e5 10. dxe6 c6 11. h4 Nc5 12. Be3 Nxe6 13. Qd2 Ng4 14. Nxe6 Bxe6 15. Bg5 Qc7 16. b3 Ne5 17. Rac1 Nf7 18. Bf4 Be5 19. Rfd1 Qe7 20. Be3 Qf6 21. f4 Bxc3 22. Rxc3 a4 23. b4 h6 24. Rdc1 Kh7 25. b5 Bd7 26. c5 d5 27. Bd4 Qd8 28. b6 Re8 29. Bf3 Qe7 30. Re3 Qf8 31. Ra3 Qg8 32. Kf2 Ra6 33. Rg1 h5 34. Ba1 Nh6 35. Qd4 Ng4+ 36. Kg2 Qf8 37. Rd1 Qe7 38. Rdd3 Ra5 39. Bxg4 fxg4 40. Re3 Qf8 41. Rxe8 Bxe8 42. Re3 Ra8 43. Re7+ Kh6 44. Qe5 1-0

[Event "Dieppe op 6th"]
[Site "Dieppe"]
[Date "2010.08.24"]
[Round "3"]
[White "Bouverot, Olivier"]
[Black "Rausis, Igors"]
[Result "0-1"]
[WhiteElo "2176"]
[BlackElo "2505"]
[PlyCount "80"]
[EventDate "2010.08.22"]
[EventType "swiss"]
[EventRounds "9"]
[EventCountry "FRA"]
[SourceTitle "CBM 138 Extra"]
[Source "ChessBase"]
[SourceDate "2010.10.29"]
[SourceVersion "1"]
[SourceVersionDate "2010.10.29"]
[SourceQuality "1"]

1. d4 Nf6 2. c4 e6 3. Nf3 d5 4. g3 dxc4 5. Bg2 Nc6 6. Qa4 Nd5 7. Qxc4 Nb6 8. Qb5 a6 9. Qd3 e5 10. Be3 Nb4 11. Qe4 Qd5 12. Qxd5 N6xd5 13. Na3 Nxe3 14. fxe3 exd4 15. exd4 Be7 16. 0-0 Be6 17. Ne5 c6 18. b3 0-0 19. Rfd1 Rfd8 20. e3 a5 21. Nac4 Bg5 22. Kf2 a4 23. h4 Bh6 24. Bf3 Ra6 25. g4 f6 26. g5 fxg5 27. Bg4 Bd5 28. e4 Bxe4 29. Be6+ Kf8 30. hxg5 Bxg5 31. Nf7 Bh4+ 32. Ke3 Re8 33. Kxe4 Rxe6+ 34. Nfe5 Bf6 35. Kf5 Re7 36. bxa4 Rxa4 37. Nb6 Ra5 38. Nbc4 Rd5 39. Nb6 Rd8 40. Nf3 Nc2 0-1

[Event "FRA-chT2 West 0809"]
[Site "France"]
[Date "2009.04.05"]
[Round "11.2"]
[White "Bouverot, Olivier"]
[Black "Monroy, Charles"]
[Result "0-1"]
[WhiteElo "2169"]
[BlackElo "2403"]
[PlyCount "42"]
[EventDate "2008.10.19"]
[EventType "team-tourn"]
[EventRounds "11"]
[EventCountry "FRA"]
[SourceTitle "EXT 2010"]
[Source "ChessBase"]
[SourceDate "2010.11.25"]
[SourceVersion "1"]
[SourceVersionDate "2010.11.25"]
[SourceQuality "1"]
[WhiteTeam "Saint Quentin"]
[BlackTeam "Rennes Paul Bert"]
[WhiteTeamCountry "FRA"]
[BlackTeamCountry "FRA"]

1. d4 Nf6 2. Bf4 e6 3. e3 c5 4. Nd2 Nc6 5. c3 d5 6. Ngf3 Bd6 7. Bg3 0-0 8. Bd3 b6 9. Ne5 Bb7 10. f4 Ne7 11. Bh4 Ne4 12. Qg4 Qe8 13. Qh3 Nf5 14. Ke2 cxd4 15. cxd4 Qa4 16. Rhd1 Ba6 17. Nxe4 dxe4 18. Bxa6 Qxa6+ 19. Ke1 Rfc8 20. Bf2 Rc2 21. Qg4 Bb4+ 0-1

[Event "FRA-chT2 West 0809"]
[Site "France"]
[Date "2008.10.19"]
[Round "1.4"]
[White "Bouverot, Olivier"]
[Black "Ballester, Alexandre"]
[Result "1/2-1/2"]
[WhiteElo "2174"]
[BlackElo "2127"]
[PlyCount "45"]
[EventDate "2008.10.19"]
[EventType "team-tourn"]
[EventRounds "11"]
[EventCountry "FRA"]
[SourceTitle "EXT 2010"]
[Source "ChessBase"]
[SourceDate "2010.11.25"]
[SourceVersion "1"]
[SourceVersionDate "2010.11.25"]
[SourceQuality "1"]
[WhiteTeam "Saint Quentin"]
[BlackTeam "Le Chesnay"]
[WhiteTeamCountry "FRA"]
[BlackTeamCountry "FRA"]

1. d4 d5 2. Bf4 Nf6 3. e3 Bg4 4. f3 Bf5 5. c4 c6 6. Qb3 Qb6 7. c5 Qxb3 8. axb3 Bxb1 9. Rxb1 Nbd7 10. g4 g6 11. b4 a6 12. Bd3 Bg7 13. Ne2 0-0 14. Kd2 Rfe8 15. Be5 Nxe5 16. dxe5 Nd7 17. f4 a5 18. bxa5 Nxc5 19. b4 Nxd3 20. Kxd3 e6 21. Nd4 Bf8 22. Rhc1 Rec8 23. Rc3 1/2-1/2

[Event "Elancourt op 10th"]
[Site "Elancourt"]
[Date "2007.04.17"]
[Round "5"]
[White "Bouverot, Olivier"]
[Black "Forissier, Nicolas"]
[Result "1-0"]
[WhiteElo "2188"]
[BlackElo "1932"]
[PlyCount "107"]
[EventDate "2007.04.14"]
[EventType "swiss"]
[EventRounds "9"]
[EventCountry "FRA"]
[SourceTitle "CBM 118 Extra"]
[Source "ChessBase"]
[SourceDate "2007.07.04"]
[SourceVersion "1"]
[SourceVersionDate "2007.07.04"]
[SourceQuality "1"]

1. d4 Nf6 2. Nf3 g6 3. Bf4 Bg7 4. e3 0-0 5. Be2 d6 6. h3 b6 7. 0-0 Bb7 8. a4 c5 9. c3 Nbd7 10. Nbd2 Nd5 11. Bh2 f5 12. Qb3 N7f6 13. dxc5 dxc5 14. Ng5 Qc8 15. e4 fxe4 16. Ngxe4 Kh8 17. Bf3 Nxe4 18. Bxe4 Nf6 19. Bxb7 Qxb7 20. Qe6 Qd5 21. Qxd5 Nxd5 22. Rfe1 Rad8 23. Nf3 Nxc3 24. bxc3 Bxc3 25. Be5+ Bxe5 26. Nxe5 Rd2 27. Nf3 Rd7 28. Rad1 Rxd1 29. Rxd1 Rf4 30. Ra1 Kg7 31. Kf1 Kf6 32. Ke2 Rb4 33. Kd3 e5 34. Kc3 h6 35. Ne1 Rd4 36. Nc2 Rf4 37. Ne3 Ke6 38. Ra2 Rd4 39. Nc4 e4 40. Rd2 Kd5 41. Ne3+ Ke5 42. Ng4+ Kd5 43. Nxh6 Rxd2 44. Kxd2 Kc4 45. Nf7 Kb4 46. Nd6 Kxa4 47. Nc8 b5 48. Nxa7 b4 49. Nc6 c4 50. Kc2 Kb5 51. Ne5 g5 52. Nf7 b3+ 53. Kc3 Ka4 54. Nd6 1-0

[Event "Elancourt op"]
[Site "Elancourt"]
[Date "2006.04.23"]
[Round "9"]
[White "Bouverot, Olivier"]
[Black "Larramendy, Pierre"]
[Result "1-0"]
[WhiteElo "2170"]
[BlackElo "1948"]
[PlyCount "89"]
[EventDate "2006.04.16"]
[EventType "swiss"]
[EventRounds "9"]
[EventCountry "FRA"]
[SourceTitle "CBM 111 Extra"]
[Source "ChessBase"]
[SourceDate "2006.05.09"]
[SourceVersion "1"]
[SourceVersionDate "2006.05.09"]
[SourceQuality "1"]

1. d4 Nf6 2. Bg5 d5 3. Bxf6 exf6 4. e3 b6 5. g3 Bb7 6. Bg2 c6 7. Ne2 b5 8. 0-0 Bd6 9. Nd2 f5 10. b3 b4 11. c4 bxc3 12. Nxc3 Bb4 13. Qc2 Qe7 14. Ndb1 g6 15. a3 Bxc3 16. Nxc3 a5 17. Na4 Nd7 18. Rfc1 0-0 19. Nc5 Nxc5 20. Qxc5 Qxc5 21. Rxc5 Ra6 22. Rac1 Rfa8 23. R1c3 g5 24. Bh3 Bc8 25. Rxc6 Be6 26. Rxa6 Rxa6 27. Bf1 Rb6 28. Bd3 Kf8 29. Bc2 Ke7 30. Rc5 Ra6 31. Kf1 Kd6 32. Ke2 h6 33. Kd2 Ra7 34. Kc3 g4 35. Bd3 Rc7 36. Rxc7 Kxc7 37. Bb5 Kb6 38. Be8 f6 39. b4 axb4+ 40. Kxb4 Bc8 41. a4 Be6 42. a5+ Ka6 43. Bb5+ Kb7 44. Kc5 Kc7 45. Bc6 1-0

[Event "Elancourt op"]
[Site "Elancourt"]
[Date "2006.04.19"]
[Round "5"]
[White "Gerard, Nicolas"]
[Black "Bouverot, Olivier"]
[Result "1/2-1/2"]
[WhiteElo "2282"]
[BlackElo "2170"]
[PlyCount "54"]
[EventDate "2006.04.16"]
[EventType "swiss"]
[EventRounds "9"]
[EventCountry "FRA"]
[SourceTitle "CBM 111 Extra"]
[Source "ChessBase"]
[SourceDate "2006.05.09"]
[SourceVersion "1"]
[SourceVersionDate "2006.05.09"]
[SourceQuality "1"]

1. d4 Nf6 2. c4 c5 3. d5 b5 4. cxb5 a6 5. e3 Bb7 6. Nc3 axb5 7. Bxb5 Qa5 8. Nge2 Nxd5 9. 0-0 Nc7 10. Bc4 e6 11. e4 Be7 12. Bf4 0-0 13. Qd3 Rd8 14. Qg3 Ne8 15. Rfd1 d6 16. Rd2 Na6 17. Rad1 Nac7 18. Bg5 Bxg5 19. Qxg5 Qb4 20. Bd3 e5 21. a3 Qb6 22. Bc4 Nf6 23. Ng3 Ne6 24. Qh4 Nd4 25. Nf5 Nxf5 26. exf5 h6 27. Qh3 d5 1/2-1/2

[Event "Elancourt op"]
[Site "Elancourt"]
[Date "2006.04.18"]
[Round "3"]
[White "Appavou, Calixte"]
[Black "Bouverot, Olivier"]
[Result "0-1"]
[WhiteElo "1915"]
[BlackElo "2170"]
[PlyCount "65"]
[EventDate "2006.04.16"]
[EventType "swiss"]
[EventRounds "9"]
[EventCountry "FRA"]
[SourceTitle "CBM 111 Extra"]
[Source "ChessBase"]
[SourceDate "2006.05.09"]
[SourceVersion "1"]
[SourceVersionDate "2006.05.09"]
[SourceQuality "1"]

1. e4 Nc6 2. d4 d5 3. e5 Bf5 4. c3 e6 5. Ne2 Nge7 6. Ng3 Bg6 7. Bd3 f6 8. exf6 gxf6 9. Nh5 Nf5 10. Nf4 Qd7 11. Bxf5 Bxf5 12. Qh5+ Qf7 13. Qxf7+ Kxf7 14. Nd2 h5 15. Nf1 h4 16. f3 Bd6 17. g4 hxg3 18. Nxg3 Bc2 19. Be3 Rh4 20. Nfe2 Rah8 21. Nf1 Bxh2 22. Kd2 Bf5 23. Nxh2 Rxh2 24. Rxh2 Rxh2 25. Bf4 Rh3 26. Ng1 Rh1 27. Bxc7 e5 28. dxe5 fxe5 29. Re1 Kf6 30. Ne2 Rh2 31. Kc1 Ke6 32. Nd4+ Nxd4 33. cxd4 0-1

[Event "Elancourt op"]
[Site "Elancourt"]
[Date "2005.04.27"]
[Round "6"]
[White "Bouverot, Olivier"]
[Black "Bogdanov, Emil"]
[Result "1-0"]
[WhiteElo "2138"]
[BlackElo "2250"]
[PlyCount "50"]
[EventDate "2005.04.23"]
[EventType "swiss"]
[EventRounds "9"]
[EventCountry "FRA"]
[SourceTitle "CBM 105 Extra"]
[Source "ChessBase"]
[SourceDate "2005.05.01"]
[SourceVersion "1"]
[SourceVersionDate "2005.05.01"]
[SourceQuality "1"]

1. d4 Nf6 2. Nf3 e6 3. Bf4 b6 4. Nbd2 Bb7 5. e3 Be7 6. Bd3 d5 7. c3 Nh5 8. Be5 Nd7 9. Qa4 a6 10. g4 Nhf6 11. Rg1 g6 12. h4 c5 13. h5 b5 14. Qc2 c4 15. Be2 Nxe5 16. Nxe5 Rg8 17. 0-0-0 Ne4 18. hxg6 hxg6 19. f4 Bd6 20. g5 Nxd2 21. Qxd2 Qa5 22. a3 Rh8 23. Rh1 Qc7 24. Rh2 a5 25. Rdh1 Rxh2 1-0

[Event "Elancourt op"]
[Site "Elancourt"]
[Date "2005.04.24"]
[Round "2"]
[White "Benier, Adrien"]
[Black "Bouverot, Olivier"]
[Result "0-1"]
[WhiteElo "1970"]
[BlackElo "2138"]
[PlyCount "114"]
[EventDate "2005.04.23"]
[EventType "swiss"]
[EventRounds "9"]
[EventCountry "FRA"]
[SourceTitle "CBM 105 Extra"]
[Source "ChessBase"]
[SourceDate "2005.05.01"]
[SourceVersion "1"]
[SourceVersionDate "2005.05.01"]
[SourceQuality "1"]

1. e4 Nc6 2. Nc3 Nf6 3. Nf3 d6 4. Be2 Bg4 5. d3 e6 6. Be3 Be7 7. Nd4 Bxe2 8. Qxe2 Nxd4 9. Bxd4 c5 10. Be3 0-0 11. Qf3 d5 12. Ne2 Qa5+ 13. Bd2 Qa4 14. b3 dxe4 15. Qg3 Qc6 16. Bh6 Ne8 17. Rd1 Rd8 18. 0-0 exd3 19. Rxd3 Rxd3 20. cxd3 Qc7 21. Bf4 Bd6 22. Bxd6 Qxd6 23. Rc1 b6 24. d4 cxd4 25. Qxd6 Nxd6 26. Nxd4 Rc8 27. Rxc8+ Nxc8 28. Nc6 Kf8 29. Kf1 Ke8 30. Ke2 Kd7 31. Ne5+ Ke7 32. Kd3 f6 33. Nc6+ Kd6 34. Nd4 a6 35. h3 Ne7 36. a3 e5 37. Nc2 Nd5 38. g3 f5 39. f3 g6 40. Kc4 Kc6 41. Kd3 Kc5 42. Ne1 Nf6 43. Ke3 a5 44. Nd3+ Kd6 45. a4 Nd5+ 46. Kd2 e4 47. fxe4 fxe4 48. Ne1 Ke5 49. Nc2 h5 50. h4 Kf5 51. Nd4+ Kg4 52. Ne2 Kf3 53. Ke1 Ne3 54. Nc3 Nc2+ 55. Kd2 Nd4 56. Nd5 Nxb3+ 57. Kc3 Nc5 0-1

[Event "Saint Quentin op 7th"]
[Site "Elancourt"]
[Date "2004.04.22"]
[Round "6"]
[White "Bouverot, Olivier"]
[Black "Mihajlovskij, Sergei"]
[Result "0-1"]
[WhiteElo "2130"]
[BlackElo "2397"]
[PlyCount "80"]
[EventDate "2004.04.18"]
[EventType "swiss"]
[EventRounds "9"]
[EventCountry "FRA"]
[SourceTitle "EXT 2005"]
[Source "ChessBase"]
[SourceDate "2004.11.15"]
[SourceVersion "1"]
[SourceVersionDate "2004.11.15"]
[SourceQuality "1"]

1. d4 g6 2. c4 Bg7 3. Nc3 d6 4. e4 e5 5. dxe5 dxe5 6. Qxd8+ Kxd8 7. f4 Be6 8. Nf3 Nd7 9. Ng5 Ne7 10. fxe5 Bxe5 11. Be3 h6 12. Nxe6+ fxe6 13. 0-0-0 Nc6 14. Be2 Ke7 15. g3 Rad8 16. Rhf1 Nf6 17. Rxd8 Kxd8 18. Rd1+ Ke7 19. Nb5 a6 20. Nd4 Nxd4 21. Bxd4 Bxd4 22. Rxd4 c5 23. Rd1 Nxe4 24. Bf3 Nd6 25. Re1 Rf8 26. Bd5 Rf6 27. h4 Kd7 28. Be4 b6 29. Bd3 Nf5 30. Bxf5 gxf5 31. Kd2 Rg6 32. Re3 Rg4 33. b3 Kd6 34. Ke2 e5 35. Rd3+ Rd4 36. Rf3 Ke6 37. Ke3 e4 38. Rf2 Ke5 39. Rf4 Rd3+ 40. Kf2 h5 0-1

[Event "Koshnitsky mem corr"]
[Site "Australia"]
[Date "2002.??.??"]
[Round "?"]
[White "Bouverot, Olivier"]
[Black "Borwell, Alan Peter"]
[Result "1/2-1/2"]
[WhiteElo "2545"]
[BlackElo "2284"]
[PlyCount "83"]
[EventDate "2002.06.30"]
[EventType "tourn (corr)"]
[EventRounds "14"]
[EventCountry "AUS"]
[EventCategory "8"]
[SourceTitle "Corr 2006"]
[Source "ChessBase"]
[SourceDate "2006.04.01"]
[SourceVersion "3"]
[SourceVersionDate "2006.04.01"]
[SourceQuality "1"]

1. e4 e6 2. d4 b6 3. Nf3 Bb7 4. Bd3 c5 5. c3 Nf6 6. Qe2 Be7 7. dxc5 Bxc5 8. e5 Nd5 9. a3 f6 10. c4 Nc7 11. Nbd2 0-0 12. exf6 Qxf6 13. Ne4 Bxe4 14. Qxe4 g6 15. 0-0 Nc6 16. Ra2 d5 17. Qe1 Nd4 18. Ne5 Bd6 19. Ng4 Qh4 20. f3 Qxe1 21. Rxe1 dxc4 22. Bxc4 b5 23. Bd3 Nd5 24. b4 Rac8 25. Bh6 Rfd8 26. Bg5 Be7 27. Bxe7 Nxe7 28. Be4 Kf7 29. f4 Nd5 30. Rd2 Nb6 31. Ne5+ Kf6 32. Rd3 Nc4 33. Rc3 a5 34. Rh3 Rc7 35. bxa5 Nxa5 36. Kf2 Nc4 37. Rc3 Ra7 38. Nxc4 bxc4 39. g4 Nb5 40. Rxc4 Rxa3 41. Rc2 Rd4 42. Re3 1/2-1/2

[Event "Koshnitsky mem corr"]
[Site "Australia"]
[Date "2002.??.??"]
[Round "?"]
[White "Lambert, Grant R"]
[Black "Bouverot, Olivier"]
[Result "1/2-1/2"]
[WhiteElo "2399"]
[BlackElo "2545"]
[PlyCount "61"]
[EventDate "2002.06.30"]
[EventType "tourn (corr)"]
[EventRounds "14"]
[EventCountry "AUS"]
[EventCategory "8"]
[SourceTitle "Corr 2006"]
[Source "ChessBase"]
[SourceDate "2006.04.01"]
[SourceVersion "3"]
[SourceVersionDate "2006.04.01"]
[SourceQuality "1"]

1. d4 f5 2. g3 Nf6 3. Bg2 g6 4. c4 Bg7 5. Nf3 0-0 6. 0-0 d6 7. Nc3 Qe8 8. d5 Na6 9. Rb1 Bd7 10. b4 c6 11. dxc6 bxc6 12. b5 cxb5 13. cxb5 Nc5 14. a4 Rc8 15. Nd4 Nfe4 16. Nxe4 Nxe4 17. Bb2 Qf7 18. e3 Qa2 19. Nc6 Bxc6 20. Bxg7 Nc3 21. Bxc3 Bxg2 22. Kxg2 Rxc3 23. Qd4 Rc5 24. Rb2 Qe6 25. a5 Rb8 26. Rfb1 Qd5+ 27. Qxd5+ Rxd5 28. Kf3 Kf7 29. g4 fxg4+ 30. Kxg4 Rc5 31. Rb4 1/2-1/2